00209nam a2200097Ia 4500008004100000100001300041245002400054260000900078942000700087999001700094190216s9999||||xx |||||||||||||| ||und|| aAyar S T 0aShishu Samrekshanam bNull cBK c24998d24998